El maestro, protagonista del cambio educativo
Guardat en:
| Autors principals: | , , |
|---|---|
| Format: | Llibre |
| Idioma: | espanyol |
| Publicat: |
Bogotá
Magisterio
2000
|
| Col·lecció: | Colección Aula Abierta
|
| Matèries: | |
| Etiquetes: |
Afegir etiqueta
Sense etiquetes, Sigues el primer a etiquetar aquest registre!
|
MARC
| LEADER | 00000nam a2200000 a 4500 | ||
|---|---|---|---|
| 001 | UCM0034 | ||
| 003 | CL-VaPUC | ||
| 008 | 020108e20000000CK |||||||||||||||||spa|d | ||
| 020 | |a 9582005858 | ||
| 082 | 0 | 4 | |a 370.115 |b CAR |2 21 |
| 100 | 0 | |a Cárdenas Colmenter, Antonio Luis |e author |9 466643 | |
| 700 | 0 | |a Rodríguez Céspedes, Abel |e author |9 466644 | |
| 700 | 0 | |a Torre, Rosa María |e author |9 466645 | |
| 245 | 1 | 3 | |a El maestro, protagonista del cambio educativo |
| 300 | |a 348 p | ||
| 942 | |c BK | ||
| 945 | |d 20020108 00:00:00 |a vberengu | ||
| 260 | |a Bogotá |b Magisterio |c 2000 | ||
| 650 | 0 | |a Docentes |9 311365 | |
| 650 | 7 | |a REFORMA DE LA EDUCACION |2 CL-VaPUC |9 333471 | |
| 650 | 0 | |a Innovaciones pedagógicas |9 307471 | |
| 583 | |a last modification |c 20130306 12:13:59 |k Rodrigo Vera | ||
| 490 | 0 | |a Colección Aula Abierta | |
| 999 | |c 299101 |d 299099 | ||
| 952 | |0 0 |1 0 |4 0 |6 370_115000000000000_CAR_2000 |7 0 |8 R |9 355249 |a BIBEDU |b BIBEDU |c MCIRC |d 2019-11-21 |i 3898296 |l 1 |o 370.115 CAR 2000 |p 3898296 |r 2024-03-08 |s 2024-03-08 |w 2019-11-21 |y BK_R |k EPE | ||
| 952 | |0 0 |1 0 |4 0 |6 370_115000000000000_CAR_2000 |7 0 |8 R |9 355250 |a BIBEDU |b BIBEDU |c MCIRC |d 2019-11-21 |i 4346742 |o 370.115 CAR 2000 |p 4346742 |r 2023-01-13 |w 2019-11-21 |y BK_R |k EBA | ||
| 952 | |0 0 |1 0 |4 0 |6 370_115000000000000_CAR_2000 |7 0 |8 A |9 355251 |a BIBCUR |b BIBCUR |d 2019-11-21 |i 3676269 |o 370.115 CAR 2000 |p 3676269 |r 2025-04-22 |w 2019-11-21 |y BK |k BCB | ||